000 00329nam a22001217a 4500
005 20250821094832.0
008 250821b |||||||| |||| 00| 0 eng d
082 _a005
_bNEP-S
100 _aNepal, Paris, and Georgakopoulos (Ed.)
245 _aSocial Media for Government Services
650 _aComputer Science & IT
999 _c37053
_d37053